[Event "BUL-ch U26"]
[Site "Sofia"]
[Date "2012.11.10"]
[Round "4"]
[White "Kalchev, Sava"]
[Black "Tsekova, Viktoria"]
[Result "0-1"]
[WhiteElo "1751"]
[BlackElo "1875"]
[PlyCount "110"]
[EventDate "2012.11.07"]
[EventType "swiss"]
[EventRounds "7"]
[EventCountry "BUL"]
[SourceTitle "EXT 2014"]
[Source "ChessBase"]
[SourceDate "2013.11.20"]
[SourceVersion "1"]
[SourceVersionDate "2013.11.20"]
[SourceQuality "1"]

1. e4 Nf6 2. e5 Nd5 3. d4 d6 4. exd6 cxd6 5. c4 Nf6 6. Nf3 g6 7. Be2 Bg7 8. 0-0 0-0 9. h3 Bf5 10. Nh4 Bd7 11. Nc3 Na6 12. Bf4 Nc7 13. d5 Rb8 14. a4 a6 15. Qb3 b6 16. Rad1 b5 17. axb5 axb5 18. cxb5 Nxb5 19. Nxb5 Bxb5 20. Bxb5 Qb6 21. Rfe1 Qxb5 22. Qxb5 Rxb5 23. Rxe7 Nxd5 24. Re4 Nxf4 25. Rxf4 Be5 26. Re4 f5 27. Re2 Rfb8 28. g3 Rxb2 29. Rdd2 Rxd2 30. Rxd2 Rb2 31. Rd1 Rb6 32. f4 Bf6 33. Nf3 Kf7 34. h4 Ra6 35. Rc1 Ra1 36. Ng5+ Kg8 37. Rxa1 Bxa1 38. Kf2 h6 39. Nf3 Kf7 40. Ke3 Ke6 41. Ke2 Kd5 42. Kd3 Bf6 43. Nd2 Bd4 44. Ke2 Bc3 45. Nb1 Bb4 46. Kf3 Kc4 47. g4 fxg4+ 48. Kxg4 Kd3 49. h5 gxh5+ 50. Kxh5 Kc2 51. Kxh6 Kxb1 52. f5 d5 53. Kg5 d4 54. Kf4 d3 55. f6 d2 0-1

[Event "Sofia MGU op 53rd"]
[Site "Sofia"]
[Date "2012.03.04"]
[Round "6"]
[White "Kalchev, Sava"]
[Black "Metev, Martin"]
[Result "0-1"]
[WhiteElo "1751"]
[BlackElo "2004"]
[PlyCount "68"]
[EventDate "2012.03.03"]
[EventType "swiss"]
[EventRounds "6"]
[EventCountry "BUL"]
[SourceTitle "CBM 147 Extra"]
[Source "ChessBase"]
[SourceDate "2012.04.24"]
[SourceVersion "1"]
[SourceVersionDate "2012.04.24"]
[SourceQuality "1"]

1. d4 e6 2. c4 Nf6 3. Nf3 d5 4. Nc3 dxc4 5. e3 c5 6. Bxc4 cxd4 7. exd4 Bb4 8. 0-0 0-0 9. Bg5 h6 10. Bh4 Nbd7 11. Qe2 Qa5 12. Rac1 Qh5 13. Bd3 Bxc3 14. Rxc3 Nd5 15. Qe4 N7f6 16. Bxf6 Nxf6 17. Qe2 Nd5 18. Rc5 b6 19. Qe4 g6 20. Rc2 Bb7 21. a3 Rab8 22. Qe5 Qxe5 23. Nxe5 Nf4 24. Bb5 Bxg2 25. Rfc1 Rb7 26. Rc7 Rxc7 27. Rxc7 a5 28. Nd7 Rd8 29. Nxb6 Rxd4 30. Rc1 Bf3 31. h4 Kg7 32. Kh2 Nh5 33. Nc4 Rxh4+ 34. Kg1 Rh1# 0-1

[Event "Sofia MGU op 53rd"]
[Site "Sofia"]
[Date "2012.03.03"]
[Round "3"]
[White "Kalchev, Sava"]
[Black "Orev, Petar"]
[Result "0-1"]
[WhiteElo "1751"]
[BlackElo "2212"]
[PlyCount "68"]
[EventDate "2012.03.03"]
[EventType "swiss"]
[EventRounds "6"]
[EventCountry "BUL"]
[SourceTitle "CBM 147 Extra"]
[Source "ChessBase"]
[SourceDate "2012.04.24"]
[SourceVersion "1"]
[SourceVersionDate "2012.04.24"]
[SourceQuality "1"]

1. d4 Nf6 2. c4 g6 3. Nc3 Bg7 4. Nf3 0-0 5. e4 d6 6. Be2 Nbd7 7. 0-0 e5 8. d5 Nc5 9. Qc2 a5 10. h3 Nh5 11. Bg5 f6 12. Be3 Nf4 13. a3 a4 14. Rfd1 Nxe2+ 15. Qxe2 b6 16. Nd2 f5 17. f3 Qh4 18. Bf2 Qg5 19. Nb5 Rf7 20. exf5 gxf5 21. Be3 Qg6 22. Rab1 Bh6 23. Bxh6 Qxh6 24. b4 axb3 25. Nxb3 f4 26. Nxc5 bxc5 27. Kh2 Bf5 28. Ra1 Rg7 29. a4 Kh8 30. a5 Rag8 31. Rg1 Rg3 32. Qf1 e4 33. Ra2 exf3 34. a6 fxg2 0-1

[Event "BUL-ch U26"]
[Site "Sofia"]
[Date "2011.11.05"]
[Round "4"]
[White "Kalchev, Sava"]
[Black "Vladimirova, Maria"]
[Result "1-0"]
[WhiteElo "1682"]
[BlackElo "1997"]
[PlyCount "51"]
[EventDate "2011.11.02"]
[EventType "swiss"]
[EventRounds "7"]
[EventCountry "BUL"]
[SourceTitle "EXT 2012"]
[Source "ChessBase"]
[SourceDate "2011.11.24"]
[SourceVersion "1"]
[SourceVersionDate "2011.11.24"]
[SourceQuality "1"]

1. d4 Nf6 2. c4 e6 3. Nc3 c5 4. d5 exd5 5. cxd5 d6 6. e4 g6 7. f4 Bg7 8. Bb5+ Bd7 9. Bxd7+ Nbxd7 10. Nf3 0-0 11. 0-0 Re8 12. Re1 a6 13. a4 b6 14. h3 Qc7 15. e5 dxe5 16. d6 Qc6 17. fxe5 Nh5 18. Nd5 Bf8 19. Nc7 Ng7 20. Nxa8 Qxa8 21. Bh6 Qc6 22. Rc1 Ne6 23. Bxf8 Kxf8 24. b3 Nf4 25. Qd2 Nxh3+ 26. Kh2 1-0

[Event "BUL-ch U26"]
[Site "Sofia"]
[Date "2011.11.04"]
[Round "3"]
[White "Ivanov, Stojan Lubomirov"]
[Black "Kalchev, Sava"]
[Result "1-0"]
[WhiteElo "2280"]
[BlackElo "1682"]
[PlyCount "69"]
[EventDate "2011.11.02"]
[EventType "swiss"]
[EventRounds "7"]
[EventCountry "BUL"]
[SourceTitle "EXT 2012"]
[Source "ChessBase"]
[SourceDate "2011.11.24"]
[SourceVersion "1"]
[SourceVersionDate "2011.11.24"]
[SourceQuality "1"]

1. d4 Nf6 2. Bg5 Ne4 3. Bf4 d5 4. Nd2 c5 5. e3 Nxd2 6. Qxd2 Nc6 7. Nf3 Bf5 8. Be2 e6 9. 0-0 c4 10. b3 b5 11. a4 a6 12. axb5 axb5 13. bxc4 bxc4 14. Rxa8 Qxa8 15. Nh4 Bg6 16. Nxg6 hxg6 17. e4 Be7 18. exd5 exd5 19. Bf3 Nd8 20. Bg5 f6 21. Re1 Kf7 22. Be3 Bd6 23. Bf4 Bxf4 24. Qxf4 Ne6 25. Qd6 Re8 26. Bxd5 Qc8 27. h4 f5 28. Kh2 Kf6 29. Rxe6+ Rxe6 30. Bxe6 Qxe6 31. Qf8+ Qf7 32. Qxf7+ Kxf7 33. Kg3 Ke6 34. Kf4 Kd5 35. c3 1-0

[Event "BUL-ch U26"]
[Site "Sofia"]
[Date "2011.11.03"]
[Round "2"]
[White "Kalchev, Sava"]
[Black "Stanchev, Aleksandar"]
[Result "1-0"]
[WhiteElo "1682"]
[BlackElo "1881"]
[PlyCount "75"]
[EventDate "2011.11.02"]
[EventType "swiss"]
[EventRounds "7"]
[EventCountry "BUL"]
[SourceTitle "EXT 2012"]
[Source "ChessBase"]
[SourceDate "2011.11.24"]
[SourceVersion "1"]
[SourceVersionDate "2011.11.24"]
[SourceQuality "1"]

1. e4 d5 2. exd5 Qxd5 3. Nc3 Qd6 4. d4 c6 5. Bc4 Nf6 6. h3 Bf5 7. Nf3 Nbd7 8. Be3 e6 9. 0-0 Qc7 10. Qd2 Bd6 11. Rfe1 0-0 12. Nh4 Rfe8 13. Nxf5 exf5 14. f3 Nh5 15. Ne2 Re7 16. Bg5 Ndf6 17. Bd3 Rae8 18. Bxf6 Bh2+ 19. Kh1 Rxe2 20. Rxe2 Rxe2 21. Qxe2 gxf6 22. Qe8+ Kg7 23. g4 Qg3 24. Qe2 Nf4 25. Qd2 Qxh3 26. Bf1 Qxf3+ 27. Kxh2 fxg4 28. Bg2 g3+ 29. Kh1 Qh5+ 30. Kg1 Qh2+ 31. Kf1 Nh3 32. Qe3 Ng5 33. Rd1 h5 34. Rd3 h4 35. Qg1 h3 36. Qxh2 gxh2 37. Bh1 f5 38. Rd2 1-0

[Event "Sofia MGU op 37th"]
[Site "Sofia"]
[Date "2011.09.04"]
[Round "4"]
[White "Stoev, Slavcho"]
[Black "Kalchev, Sava"]
[Result "1-0"]
[WhiteElo "1651"]
[BlackElo "1682"]
[PlyCount "35"]
[EventDate "2011.08.06"]
[EventType "swiss"]
[EventRounds "6"]
[EventCountry "BUL"]
[SourceTitle "CBM 143 Extra"]
[Source "ChessBase"]
[SourceDate "2011.08.29"]
[SourceVersion "1"]
[SourceVersionDate "2011.08.29"]
[SourceQuality "1"]

1. e4 e6 2. d4 d5 3. Nc3 Bb4 4. a3 Bxc3+ 5. bxc3 Ne7 6. Bd3 c5 7. exd5 exd5 8. dxc5 0-0 9. Ne2 Nd7 10. 0-0 Nxc5 11. Nd4 Nc6 12. Be3 Ne5 13. Nc6 bxc6 14. Bxc5 Re8 15. Re1 Bg4 16. f3 Bh5 17. Qd2 h6 18. Qf4 1-0

[Event "Sofia MGU op 37th"]
[Site "Sofia"]
[Date "2011.09.03"]
[Round "2"]
[White "Dimitrov, Aleksandar"]
[Black "Kalchev, Sava"]
[Result "1-0"]
[WhiteElo "2004"]
[BlackElo "1682"]
[PlyCount "69"]
[EventDate "2011.08.06"]
[EventType "swiss"]
[EventRounds "6"]
[EventCountry "BUL"]
[SourceTitle "CBM 143 Extra"]
[Source "ChessBase"]
[SourceDate "2011.08.29"]
[SourceVersion "1"]
[SourceVersionDate "2011.08.29"]
[SourceQuality "1"]

1. f4 Nf6 2. Nf3 g6 3. b3 Bg7 4. Bb2 0-0 5. e3 d5 6. Be2 c5 7. 0-0 Nc6 8. Ne5 d4 9. Nxc6 bxc6 10. Na3 Bf5 11. Bf3 Qc7 12. Qe2 Nd5 13. Qc4 Qd6 14. e4 Nb6 15. Qd3 Bd7 16. g3 Bh3 17. Bg2 Bxg2 18. Kxg2 e6 19. Nc4 Nxc4 20. Qxc4 Rfd8 21. Rae1 Kh8 22. Ba3 Bf8 23. Rf2 f5 24. exf5 exf5 25. Re5 Qd7 26. Bxc5 Bg7 27. Re7 Qd5+ 28. Qxd5 Rxd5 29. Bxa7 Ra5 30. Rxg7 Kxg7 31. Bxd4+ Kf7 32. a4 c5 33. Bc3 R5a6 34. d3 Re6 35. Be5 1-0

[Event "Sofia MGU op 37th"]
[Site "Sofia"]
[Date "2011.09.03"]
[Round "3"]
[White "Kalchev, Sava"]
[Black "Kolev, Nikolay"]
[Result "1-0"]
[WhiteElo "1682"]
[BlackElo "2073"]
[PlyCount "59"]
[EventDate "2011.08.06"]
[EventType "swiss"]
[EventRounds "6"]
[EventCountry "BUL"]
[SourceTitle "CBM 143 Extra"]
[Source "ChessBase"]
[SourceDate "2011.08.29"]
[SourceVersion "1"]
[SourceVersionDate "2011.08.29"]
[SourceQuality "1"]

1. d4 Nf6 2. c4 e6 3. Nc3 c5 4. d5 exd5 5. cxd5 d6 6. e4 g6 7. f4 Bg7 8. Bb5+ Nfd7 9. a4 0-0 10. Nf3 Na6 11. 0-0 Nb4 12. Re1 a6 13. Bc4 Nb6 14. Bf1 Bg4 15. Be2 Re8 16. h3 Bxf3 17. Bxf3 Qh4 18. a5 Nc2 19. Bd2 Bd4+ 20. Kh1 Nxa1 21. axb6 Bf2 22. Rf1 Bg3 23. Ne2 f5 24. Nxg3 Qxg3 25. exf5 gxf5 26. Qxa1 Re7 27. b4 Rc8 28. bxc5 Rxc5 29. Qf6 Rg7 30. Re1 1-0

[Event "Sofia MGU op 25th"]
[Site "Sofia"]
[Date "2011.02.06"]
[Round "6"]
[White "Stanchev, Plamen"]
[Black "Kalchev, Sava"]
[Result "1/2-1/2"]
[WhiteElo "1849"]
[BlackElo "1682"]
[PlyCount "97"]
[EventDate "2011.02.05"]
[EventType "swiss"]
[EventRounds "6"]
[EventCountry "BUL"]
[SourceTitle "CBM 140 Extra"]
[Source "ChessBase"]
[SourceDate "2011.03.01"]
[SourceVersion "1"]
[SourceVersionDate "2011.03.01"]
[SourceQuality "1"]

1. e4 e6 2. d3 d5 3. Nd2 Nf6 4. Qe2 Be7 5. g3 c5 6. Bg2 Nc6 7. Ngf3 b6 8. 0-0 Bb7 9. Re1 Qc7 10. e5 Nd7 11. c4 Nb4 12. cxd5 Bxd5 13. Ne4 Nxe5 14. Nxe5 Qxe5 15. a3 Nc6 16. Bf4 Qf5 17. Be3 0-0 18. g4 Qg6 19. f4 Bh4 20. Rf1 Nd4 21. Bxd4 cxd4 22. f5 exf5 23. gxf5 Qh6 24. Nf6+ Bxf6 25. Bxd5 Rae8 26. Qf2 Qe3 27. Qxe3 dxe3 28. Be4 Bxb2 29. Ra2 Bd4 30. Kg2 Rc8 31. Bd5 b5 32. Rb1 Rc5 33. Be4 Rfc8 34. Kf3 a6 35. a4 Rb8 36. axb5 Rcxb5 37. Rxb5 axb5 38. Bd5 b4 39. Ke4 Bb6 40. Rb2 Re8+ 41. Kf3 Bd4 42. Ra2 h6 43. h4 Rb8 44. Bb3 Rb5 45. Ke4 Re5+ 46. Kxd4 e2 47. Ra8+ Kh7 48. Bxf7 g5 49. Bg6+ 1/2-1/2

[Event "Sofia MGU op 24th"]
[Site "Sofia"]
[Date "2011.01.29"]
[Round "2"]
[White "Andreev, Dobrotich"]
[Black "Kalchev, Sava"]
[Result "1-0"]
[WhiteElo "2023"]
[BlackElo "1682"]
[PlyCount "71"]
[EventDate "2011.01.29"]
[EventType "swiss"]
[EventRounds "6"]
[EventCountry "BUL"]
[SourceTitle "CBM 140 Extra"]
[Source "ChessBase"]
[SourceDate "2011.03.01"]
[SourceVersion "1"]
[SourceVersionDate "2011.03.01"]
[SourceQuality "1"]

1. e4 e6 2. d4 d5 3. Nd2 Nf6 4. e5 Nfd7 5. Bd3 c5 6. c3 Nc6 7. Ne2 f6 8. exf6 Nxf6 9. 0-0 cxd4 10. cxd4 Bd6 11. Nf3 0-0 12. Bf4 Bxf4 13. Nxf4 Ne4 14. Ne2 Bd7 15. Ng3 Nxg3 16. hxg3 Qf6 17. Rc1 Kh8 18. Bb1 Rac8 19. Qd2 g6 20. Rfe1 a6 21. b4 Qe7 22. a3 Na7 23. Ne5 Rxc1 24. Rxc1 Rc8 25. Bxg6 Rxc1+ 26. Qxc1 Nc6 27. Nxc6 Bxc6 28. Bd3 e5 29. dxe5 Qxe5 30. Qh6 Qe1+ 31. Kh2 Qe7 32. g4 Bd7 33. g5 Qe5+ 34. g3 Qg7 35. Qxg7+ Kxg7 36. f4 1-0

[Event "Sofia MGU op 21st"]
[Site "Sofia"]
[Date "2011.01.08"]
[Round "2.3"]
[White "Kalchev, Sava"]
[Black "Galunova, Tsveta"]
[Result "0-1"]
[WhiteElo "1682"]
[BlackElo "1998"]
[PlyCount "56"]
[EventDate "2011.01.08"]
[EventType "swiss"]
[EventRounds "6"]
[EventCountry "BUL"]
[SourceTitle "CBM 140 Extra"]
[Source "ChessBase"]
[SourceDate "2011.03.01"]
[SourceVersion "1"]
[SourceVersionDate "2011.03.01"]
[SourceQuality "1"]

1. d4 d5 2. c4 c6 3. Nc3 Nf6 4. Nf3 dxc4 5. a4 Bf5 6. e3 e6 7. Bxc4 Bb4 8. 0-0 0-0 9. Qe2 Nbd7 10. e4 Bg6 11. Bg5 Qc7 12. Bd3 e5 13. Bxf6 gxf6 14. Rac1 Qa5 15. dxe5 Nxe5 16. Nxe5 fxe5 17. h4 Rad8 18. Rfd1 h5 19. g4 hxg4 20. Qxg4 Kh8 21. Qg5 Rg8 22. Kh2 Bf8 23. Bb1 Rxd1 24. Rxd1 Qc5 25. Rd2 Qe7 26. Qg4 Bh7 27. Qh3 Bh6 28. Rd7 Qf6 0-1

[Event "BUL-ch U26"]
[Site "Sofia"]
[Date "2010.11.07"]
[Round "6"]
[White "Kalchev, Sava"]
[Black "Stoyanov, Stefan"]
[Result "1/2-1/2"]
[WhiteElo "1663"]
[BlackElo "1839"]
[PlyCount "172"]
[EventDate "2010.11.03"]
[EventType "swiss"]
[EventRounds "7"]
[EventCountry "BUL"]
[SourceTitle "EXT 2011"]
[Source "ChessBase"]
[SourceDate "2010.11.26"]
[SourceVersion "1"]
[SourceVersionDate "2010.11.26"]
[SourceQuality "1"]

1. d4 f5 2. c4 Nf6 3. Nc3 e6 4. Nf3 d5 5. Bg5 c6 6. e3 h6 7. Bxf6 Qxf6 8. Ne5 g6 9. Be2 Nd7 10. Nxg6 Rg8 11. Nxf8 Nxf8 12. Bh5+ Ng6 13. cxd5 exd5 14. Ne2 Kd8 15. Bxg6 Rxg6 16. Nf4 Rg4 17. h3 Rg5 18. Qb3 Qf7 19. Rc1 Rg7 20. 0-0 Be6 21. Qb4 Kc7 22. a4 Rag8 23. Kh2 Qd7 24. Rc3 Bf7 25. Qa5+ Kb8 26. b4 b6 27. Qa6 Qc7 28. Rfc1 Rg6 29. b5 c5 30. Kh1 c4 31. Nxg6 Rxg6 32. Ra1 Be8 33. Rca3 f4 34. a5 fxe3 35. axb6 Rxb6 36. Qxa7+ Qxa7 37. Rxa7 Bg6 38. fxe3 Rxb5 39. Ra8+ Kc7 40. R1a7+ Rb7 41. Ra5 Be4 42. R8a6 Rb1+ 43. Kh2 Rb2 44. Ra2 c3 45. R6a3 Rxa2 46. Rxa2 c2 47. Ra1 Kb6 48. Kg1 Kb5 49. Kf2 Kb4 50. Ke2 Kc3 51. Rc1 Bxg2 52. h4 Be4 53. Ke1 Kd3 54. Ra1 Kxe3 55. Ra3+ Kxd4 56. Kd2 Ke5 57. Ra6 h5 58. Rh6 Bf3 59. Kxc2 Kf5 60. Rb6 Be4+ 61. Kd2 Kg4 62. Rb8 Kf4 63. Rf8+ Ke5 64. Rh8 Bf3 65. Ke3 Bg4 66. Re8+ Be6 67. Rh8 Bg4 68. Re8+ Kd6 69. Kd4 Bf3 70. Re5 Kc6 71. Rf5 Bd1 72. Rxd5 Bf3 73. Rd8 Bg4 74. Ke5 Kc7 75. Rd4 Kc8 76. Kf6 Kc7 77. Kg5 Kc6 78. Rxg4 hxg4 79. Kxg4 Kd6 80. Kf5 Ke7 81. Kg6 Kf8 82. Kh7 Kf7 83. h5 Kf8 84. h6 Kf7 85. Kh8 Kf8 86. h7 Kf7 1/2-1/2

[Event "BUL-ch U26"]
[Site "Sofia"]
[Date "2010.11.06"]
[Round "5"]
[White "Ivanov, Borislav"]
[Black "Kalchev, Sava"]
[Result "1-0"]
[WhiteElo "2194"]
[BlackElo "1663"]
[PlyCount "79"]
[EventDate "2010.11.03"]
[EventType "swiss"]
[EventRounds "7"]
[EventCountry "BUL"]
[SourceTitle "EXT 2011"]
[Source "ChessBase"]
[SourceDate "2010.11.26"]
[SourceVersion "1"]
[SourceVersionDate "2010.11.26"]
[SourceQuality "1"]

1. d4 Nf6 2. c4 g6 3. Nc3 d5 4. Nf3 Bg7 5. Qb3 dxc4 6. Qxc4 0-0 7. e4 c6 8. Be2 Bg4 9. Be3 Nbd7 10. 0-0 Nb6 11. Qb3 Nfd7 12. Rfd1 Be6 13. d5 cxd5 14. exd5 Bg4 15. a4 Ne5 16. Nxe5 Bxe2 17. Nxe2 Bxe5 18. a5 Nc8 19. a6 bxa6 20. Nd4 Qb6 21. Qa2 Qd6 22. g3 Rb8 23. Rab1 Bxd4 24. Bxd4 Rb5 25. Be3 Rd8 26. Rbc1 Nb6 27. Qxa6 Rxb2 28. Rc6 Qb4 29. Bc5 Qe4 30. Qa1 Re2 31. Rc7 Rxd5 32. Rxe7 Qc4 33. Be3 Qc8 34. Rxd5 Nxd5 35. Bh6 Nc3 36. Rxa7 Re8 37. Ra3 Ne2+ 38. Kg2 Qc6+ 39. Rf3 f6 40. Qa7 1-0

[Event "Sofia MGU op 06th"]
[Site "Sofia"]
[Date "2010.05.22"]
[Round "1"]
[White "Krustev, Goran"]
[Black "Kalchev, Sava"]
[Result "1-0"]
[WhiteElo "2005"]
[BlackElo "1656"]
[PlyCount "68"]
[EventDate "2010.05.22"]
[EventType "swiss"]
[EventRounds "6"]
[EventCountry "BUL"]
[SourceTitle "CBM 136 Extra"]
[Source "ChessBase"]
[SourceDate "2010.07.02"]
[SourceVersion "2"]
[SourceVersionDate "2010.07.15"]
[SourceQuality "1"]

1. e4 e6 2. Nf3 d5 3. e5 c5 4. b4 cxb4 5. d4 Ne7 6. a3 Ng6 7. axb4 Bxb4+ 8. c3 Be7 9. Bd3 Nc6 10. g3 f6 11. exf6 Bxf6 12. Qc2 0-0 13. h4 e5 14. Nxe5 Ncxe5 15. dxe5 Nxe5 16. Bxh7+ Kh8 17. Bg5 Nc6 18. Bg6 Kg8 19. Qe2 Ne5 20. Qxe5 Bxe5 21. Bxd8 Rxd8 22. f4 Bf6 23. Bd3 Bg4 24. Ra4 a6 25. f5 d4 26. c4 Rac8 27. 0-0 Bh3 28. Rf3 Rc5 29. Nd2 b5 30. Rxa6 bxc4 31. Bxc4+ Kh7 32. Kh2 Bg4 33. Rf4 Bd1 34. Ra1 Bc2 1-0

[Event "Bobotsov Memorial 2nd"]
[Site "Sofia"]
[Date "2010.05.05"]
[Round "8"]
[White "Lyubomirov, Ilijan"]
[Black "Kalchev, Sava"]
[Result "0-1"]
[WhiteElo "1711"]
[BlackElo "1656"]
[PlyCount "58"]
[EventDate "2010.04.30"]
[EventType "swiss"]
[EventRounds "9"]
[EventCountry "BUL"]
[SourceTitle "CBM 136 Extra"]
[Source "ChessBase"]
[SourceDate "2010.07.02"]
[SourceVersion "2"]
[SourceVersionDate "2010.07.15"]
[SourceQuality "1"]

1. e4 e6 2. d4 d5 3. Nd2 Nf6 4. e5 Nfd7 5. Ngf3 c5 6. c3 Nc6 7. Be2 cxd4 8. cxd4 f6 9. Bb5 Qb6 10. Bxc6 bxc6 11. 0-0 c5 12. dxc5 Bxc5 13. exf6 Nxf6 14. Nb3 Bd6 15. Be3 Qd8 16. Nbd4 0-0 17. Re1 e5 18. Nc6 Qe8 19. Ncxe5 Bxe5 20. Bf4 Bg4 21. Bxe5 Bxf3 22. Qxf3 Ne4 23. Qb3 Qxe5 24. f3 Qd4+ 25. Re3 Nc5 26. Qa3 Rae8 27. Rae1 Nd3 28. Qxd3 Qxd3 29. Rxd3 Rxe1+ 0-1

[Event "BUL-ch Students"]
[Site "Sofia"]
[Date "2009.11.08"]
[Round "6"]
[White "Kalchev, Sava"]
[Black "Vladimirova, Maria"]
[Result "0-1"]
[WhiteElo "1660"]
[BlackElo "2101"]
[PlyCount "70"]
[EventDate "2009.11.04"]
[EventType "swiss"]
[EventRounds "7"]
[EventCountry "BUL"]
[SourceTitle "EXT 2010"]
[Source "ChessBase"]
[SourceDate "2010.11.25"]
[SourceVersion "1"]
[SourceVersionDate "2010.11.25"]
[SourceQuality "1"]

1. e4 c5 2. Nf3 e6 3. d4 cxd4 4. Nxd4 a6 5. Nc3 Nc6 6. Be3 Nf6 7. Be2 Qc7 8. 0-0 Bb4 9. Nxc6 bxc6 10. Bd3 e5 11. Bg5 Be7 12. f4 d6 13. Kh1 h6 14. Bxf6 Bxf6 15. f5 0-0 16. Qg4 Qb6 17. Rab1 Bb7 18. Ne2 Qe3 19. h4 Qb6 20. Ng3 Qd8 21. Nh5 Kh8 22. Bc4 Qe7 23. Nxf6 Qxf6 24. Qh5 d5 25. Bd3 c5 26. Rbe1 Rad8 27. exd5 Rxd5 28. Be4 Rd4 29. Qg4 Rfd8 30. c3 Rxe4 31. Rxe4 Bxe4 32. Qxe4 Rd2 33. b4 cxb4 34. Qxb4 Rxa2 35. g3 Qc6+ 0-1